[Event "MEU_U12"]
[Site "?"]
[Date "2015.08.27"]
[Round "9.1"]
[White "Salimova, Nurgyul"]
[Black "Jarocka, Liwia"]
[Result "1-0"]
[LiveChessVersion "1.4.6"]
[BlackElo "1606"]
[WhiteElo "2143"]

1. d4 {[%clk 1:30:58]} Nf6 {[%clk 1:30:51]} 2. Nf3 {[%clk 1:31:22]} d6
{[%clk 1:31:07]} 3. g3 {[%clk 1:31:33]} g6 {[%clk 1:30:45]} 4. Bg2
{[%clk 1:32:00]} Bg7 {[%clk 1:31:07]} 5. O-O {[%clk 1:32:20]} O-O
{[%clk 1:31:30]} 6. Re1 {[%clk 1:31:28]} Nc6 {[%clk 1:29:56]} 7. e4
{[%clk 1:30:09]} Bg4 {[%clk 1:28:56]} 8. h3 {[%clk 1:29:03]} Bxf3
{[%clk 1:29:19]} 9. Bxf3 {[%clk 1:29:29]} e5 {[%clk 1:28:29]} 10. c3
{[%clk 1:28:09]} Nd7 {[%clk 1:23:39]} 11. d5 {[%clk 1:19:10]} Ne7
{[%clk 1:23:54]} 12. Be3 {[%clk 1:17:26]} f5 {[%clk 1:18:50]} 13. Qd2
{[%clk 1:07:50]} fxe4 {[%clk 1:16:01]} 14. Bxe4 {[%clk 1:08:10]} Nf6
{[%clk 1:16:15]} 15. Bg2 {[%clk 1:07:02]} Nf5 {[%clk 1:15:59]} 16. c4
{[%clk 1:06:16]} Nxe3 {[%clk 1:16:11]} 17. Qxe3 {[%clk 1:06:30]} Qd7
{[%clk 1:14:51]} 18. Nc3 {[%clk 1:06:48]} a6 {[%clk 1:14:22]} 19. c5
{[%clk 1:02:54]} Kh8 {[%clk 1:07:16]} 20. Rac1 {[%clk 1:02:15]} Rac8
{[%clk 1:00:38]} 21. b4 {[%clk 0:54:26]} Ng8 {[%clk 0:53:05]} 22. Qd3
{[%clk 0:51:43]} Qf5 {[%clk 0:50:52]} 23. Qe2 {[%clk 0:49:42]} Qf6
{[%clk 0:46:44]} 24. Ne4 {[%clk 0:49:31]} Qe7 {[%clk 0:46:31]} 25. Qc4
{[%clk 0:40:40]} Rcd8 {[%clk 0:40:12]} 26. a4 {[%clk 0:36:09]} Nf6
{[%clk 0:35:47]} 27. Nc3 {[%clk 0:29:35]} Bh6 {[%clk 0:29:53]} 28. Rc2
{[%clk 0:28:54]} Ra8 {[%clk 0:25:18]} 29. a5 {[%clk 0:21:51]} Qd7
{[%clk 0:18:52]} 30. Qh4 {[%clk 0:18:10]} Bg7 {[%clk 0:18:50]} 31. Rec1
{[%clk 0:17:26]} Rac8 {[%clk 0:17:24]} 32. Qc4 {[%clk 0:12:55]} Bh6
{[%clk 0:16:56]} 33. Rd1 {[%clk 0:12:48]} Ra8 {[%clk 0:17:08]} 34. Ne4
{[%clk 0:12:18]} Nxe4 {[%clk 0:17:00]} 35. Qxe4 {[%clk 0:12:32]} Qf5
{[%clk 0:12:35]} 36. c6 {[%clk 0:05:26]} Qxe4 {[%clk 0:12:41]} 37. Bxe4
{[%clk 0:05:51]} bxc6 {[%clk 0:10:28]} 38. Rxc6 {[%clk 0:06:12]} Ra7
{[%clk 0:10:27]} 39. Bd3 {[%clk 0:05:45]} Rfa8 {[%clk 0:10:40]} 40. Rb1
{[%clk 0:05:33]} Kg8 {[%clk 0:09:55]} 41. Rb2 {[%clk 0:05:49]} Bg5
{[%clk 0:10:03]} 42. Rbc2 {[%clk 0:05:23]} Bd8 {[%clk 0:10:22]} 43. h4
{[%clk 0:05:20]} Kg7 {[%clk 0:10:28]} 44. Kg2 {[%clk 0:04:53]} Kg8
{[%clk 0:10:06]} 45. Kf3 {[%clk 0:04:58]} Kg7 {[%clk 0:10:29]} 46. Rc1
{[%clk 0:05:10]} Kg8 {[%clk 0:10:02]} 47. h5 {[%clk 0:04:48]} gxh5
{[%clk 0:10:07]} 48. Rh1 {[%clk 0:04:44]} h4 {[%clk 0:10:00]} 49. gxh4
{[%clk 0:04:53]} Kh8 {[%clk 0:08:55]} 50. h5 {[%clk 0:04:35]} h6 {[%clk 0:07:07]}
51. Rhc1 {[%clk 0:04:34]} Kg7 {[%clk 0:06:55]} 52. R1c4 {[%clk 0:04:22]} Kh8
{[%clk 0:06:56]} 53. Kg4 {[%clk 0:04:05]} Kg7 {[%clk 0:06:50]} 54. f4
{[%clk 0:04:05]} exf4 {[%clk 0:07:10]} 55. Rxf4 {[%clk 0:04:16]} Bg5
{[%clk 0:06:58]} 56. Rfc4 {[%clk 0:04:34]} Bd8 {[%clk 0:07:20]} 57. Bg6
{[%clk 0:04:16]} Rb8 {[%clk 0:07:03]} 58. Rf4 {[%clk 0:04:20]} Bf6
{[%clk 0:06:50]} 59. Bd3 {[%clk 0:04:05]} Rba8 {[%clk 0:06:56]} 60. Rf5
{[%clk 0:03:28]} Be5 {[%clk 0:06:00]} 61. Rf1 {[%clk 0:03:16]} Bf6
{[%clk 0:06:03]} 62. Rfc1 {[%clk 0:03:14]} Bd8 {[%clk 0:06:27]} 63. Kf5
{[%clk 0:03:21]} Kf7 {[%clk 0:06:36]} 64. R1c2 {[%clk 0:02:27]} Kg7
{[%clk 0:06:04]} 65. Ke6 {[%clk 0:02:44]} Rb8 {[%clk 0:03:49]} 66. Kd7
{[%clk 0:02:26]} Bg5 {[%clk 0:02:02]} 67. Rxc7 {[%clk 0:01:46]} Rxc7+
{[%clk 0:02:14]} 68. Rxc7 {[%clk 0:01:35]} Rxb4 {[%clk 0:02:39]} 69. Kxd6+
{[%clk 0:01:25]} Kf6 {[%clk 0:03:00]} 70. Kc6 {[%clk 0:01:21]} Ra4
{[%clk 0:02:30]} 71. Kb6 {[%clk 0:00:53]} Rd4 {[%clk 0:02:34]} 72. Bc4
{[%clk 0:01:04]} Bf4 {[%clk 0:02:32]} 73. Rc6+ {[%clk 0:01:15]} Kg5
{[%clk 0:02:48]} 74. Kxa6 {[%clk 0:01:06]} Kxh5 {[%clk 0:03:12]} 75. Kb7
{[%clk 0:01:03]} Kg5 {[%clk 0:02:38]} 76. a6 {[%clk 0:01:16]} Rd1
{[%clk 0:02:32]} 77. a7 {[%clk 0:01:31]} Rb1+ {[%clk 0:02:47]} 78. Rb6
{[%clk 0:01:23]} Rxb6+ {[%clk 0:03:08]} 79. Kxb6 {[%clk 0:01:48]} Be3+
{[%clk 0:03:33]} 80. Kb7 {[%clk 0:02:14]} Bxa7 {[%clk 0:03:59]} 81. Kxa7
{[%clk 0:02:42]} Kf6 {[%clk 0:04:22]} 82. d6 {[%clk 0:02:47]} h5 {[%clk 0:04:35]}
83. Kb7 {[%clk 0:03:05]} h4 {[%clk 0:04:56]} 84. d7 {[%clk 0:03:30]} Ke7
{[%clk 0:05:21]} 85. Kc7 {[%clk 0:03:56]} h3 {[%clk 0:05:48]} 86. d8=Q# 1-0

[Event "MEU_U12"]
[Site "?"]
[Date "2015.08.27"]
[Round "9.2"]
[White "Mica, Marek"]
[Black "Gucaga, Augustas"]
[Result "1/2-1/2"]
[LiveChessVersion "1.4.6"]
[BlackElo "1781"]
[WhiteElo "1795"]

1. e4 {[%clk 1:30:56]} c5 {[%clk 1:30:54]} 2. Nf3 {[%clk 1:31:15]} d6
{[%clk 1:31:20]} 3. d4 {[%clk 1:31:35]} cxd4 {[%clk 1:31:46]} 4. Nxd4
{[%clk 1:31:54]} Nf6 {[%clk 1:31:56]} 5. Nc3 {[%clk 1:32:16]} g6 {[%clk 1:32:06]}
6. Be3 {[%clk 1:32:35]} Bg7 {[%clk 1:32:28]} 7. f3 {[%clk 1:32:56]} O-O
{[%clk 1:32:32]} 8. Qd2 {[%clk 1:33:16]} Nc6 {[%clk 1:32:50]} 9. Bc4
{[%clk 1:33:37]} Bd7 {[%clk 1:33:07]} 10. h4 {[%clk 1:33:59]} h5 {[%clk 1:33:04]}
11. O-O-O {[%clk 1:34:21]} Ne5 {[%clk 1:32:56]} 12. Bb3 {[%clk 1:34:42]} Rc8
{[%clk 1:32:17]} 13. g4 {[%clk 1:34:43]} hxg4 {[%clk 1:31:18]} 14. h5
{[%clk 1:34:48]} Nxh5 {[%clk 1:31:24]} 15. Bh6 {[%clk 1:34:31]} e6
{[%clk 1:30:32]} 16. Rdg1 {[%clk 1:33:44]} g3 {[%clk 1:14:28]} 17. Kb1
{[%clk 0:54:43]} Qf6 {[%clk 1:06:44]} 18. Bxg7 {[%clk 0:53:09]} Qxg7
{[%clk 1:05:01]} 19. Nce2 {[%clk 0:44:53]} a5 {[%clk 0:52:24]} 20. a3
{[%clk 0:44:31]} a4 {[%clk 0:52:23]} 21. Ba2 {[%clk 0:44:51]} Bc6
{[%clk 0:49:04]} 22. Nxg3 {[%clk 0:41:52]} Nxg3 {[%clk 0:47:58]} 23. Rxg3
{[%clk 0:41:35]} Rfe8 {[%clk 0:24:20]} 24. Rgh3 {[%clk 0:37:53]} d5
{[%clk 0:23:09]} 25. Qh2 {[%clk 0:37:58]} Kf8 {[%clk 0:23:23]} 26. Nxe6+
{[%clk 0:34:00]} Rxe6 {[%clk 0:21:01]} 27. Rh8+ {[%clk 0:34:09]} Ke7
{[%clk 0:21:17]} 28. Rxc8 {[%clk 0:34:31]} Bd7 {[%clk 0:21:18]} 29. Rc5
{[%clk 0:31:17]} Rb6 {[%clk 0:21:14]} 30. Qh8 {[%clk 0:25:28]} Rxb2+
{[%clk 0:17:09]} 31. Kxb2 {[%clk 0:25:47]} Nd3+ {[%clk 0:17:35]} 32. Kb1
{[%clk 0:26:07]} Qxh8 {[%clk 0:17:45]} 33. Rxh8 {[%clk 0:26:27]} Nxc5
{[%clk 0:18:11]} 34. Bxd5 {[%clk 0:26:35]} b5 {[%clk 0:18:14]} 35. Rh7
{[%clk 0:26:27]} Be8 {[%clk 0:18:32]} 36. Kb2 {[%clk 0:26:47]} Ne6
{[%clk 0:18:28]} 37. Bxe6 {[%clk 0:26:13]} Kxe6 {[%clk 0:18:51]} 38. f4
{[%clk 0:26:03]} Bc6 {[%clk 0:18:34]} 39. e5 {[%clk 0:26:08]} Bd5
{[%clk 0:18:34]} 40. Kc3 {[%clk 0:25:35]} Kf5 {[%clk 0:18:49]} 41. Rh4
{[%clk 0:25:24]} Ke4 {[%clk 0:18:48]} 42. Kb4 {[%clk 0:25:12]} Bc4
{[%clk 0:19:09]} 43. c3 {[%clk 0:24:48]} Kd3 {[%clk 0:19:13]} 44. f5
{[%clk 0:06:04]} gxf5 {[%clk 0:19:00]} 45. Rf4 {[%clk 0:06:26]} 1/2-1/2

[Event "MEU_U12"]
[Site "?"]
[Date "2015.08.27"]
[Round "9.3"]
[White "Morozli, Grigorijs"]
[Black "David, Bogdan-Emanuel"]
[Result "1/2-1/2"]
[LiveChessVersion "1.4.6"]
[BlackElo "1922"]
[WhiteElo "1652"]

1. d4 {[%clk 1:30:57]} Nf6 {[%clk 1:30:46]} 2. Nf3 {[%clk 1:31:21]} g6
{[%clk 1:31:07]} 3. g3 {[%clk 1:31:46]} Bg7 {[%clk 1:31:29]} 4. Bg2
{[%clk 1:32:09]} d6 {[%clk 1:31:47]} 5. O-O {[%clk 1:32:33]} O-O {[%clk 1:32:06]}
6. c4 {[%clk 1:32:52]} Nbd7 {[%clk 1:31:21]} 7. Qc2 {[%clk 1:32:45]} c6
{[%clk 1:28:39]} 8. Rd1 {[%clk 1:30:19]} Qc7 {[%clk 1:27:00]} 9. Nc3
{[%clk 1:30:02]} e5 {[%clk 1:25:05]} 10. e4 {[%clk 1:29:22]} a6 {[%clk 1:23:37]}
11. h3 {[%clk 1:26:14]} Re8 {[%clk 1:19:18]} 12. Be3 {[%clk 1:23:41]} Rb8
{[%clk 1:11:39]} 13. Rac1 {[%clk 1:18:43]} exd4 {[%clk 1:00:23]} 14. Nxd4
{[%clk 1:18:48]} c5 {[%clk 0:59:36]} 15. Nde2 {[%clk 1:16:36]} b5
{[%clk 0:57:11]} 16. Bf4 {[%clk 1:14:18]} Ne5 {[%clk 0:54:27]} 17. Bxe5
{[%clk 1:14:26]} Rxe5 {[%clk 0:52:39]} 18. f4 {[%clk 1:12:17]} Re8
{[%clk 0:49:39]} 19. Nd5 {[%clk 1:11:45]} Nxd5 {[%clk 0:49:18]} 20. cxd5
{[%clk 1:12:04]} Qa7 {[%clk 0:48:20]} 21. Kh2 {[%clk 1:09:53]} f5
{[%clk 0:45:31]} 22. Re1 {[%clk 1:02:50]} Rb7 {[%clk 0:41:47]} 23. Ng1
{[%clk 0:57:30]} Rbe7 {[%clk 0:40:17]} 24. e5 {[%clk 0:55:52]} Qb6
{[%clk 0:23:58]} 25. e6 {[%clk 0:55:28]} Bb7 {[%clk 0:22:11]} 26. Rcd1
{[%clk 0:54:45]} Rf8 {[%clk 0:18:11]} 27. b3 {[%clk 0:52:29]} Qa7
{[%clk 0:17:29]} 28. Ne2 {[%clk 0:46:50]} Ba8 {[%clk 0:15:18]} 29. Nc1
{[%clk 0:43:22]} Bb7 {[%clk 0:13:43]} 30. a3 {[%clk 0:39:48]} Qa8
{[%clk 0:13:12]} 31. Ne2 {[%clk 0:39:54]} a5 {[%clk 0:12:42]} 32. Nc3
{[%clk 0:38:58]} Ba6 {[%clk 0:11:29]} 33. a4 {[%clk 0:34:14]} Rb8
{[%clk 0:06:59]} 34. axb5 {[%clk 0:31:09]} Bxb5 {[%clk 0:07:28]} 35. Nxb5
{[%clk 0:31:32]} Rxb5 {[%clk 0:07:57]} 36. Bf1 {[%clk 0:31:50]} Rb4
{[%clk 0:08:08]} 37. Bc4 {[%clk 0:30:38]} a4 {[%clk 0:08:29]} 38. Rb1
{[%clk 0:28:44]} a3 {[%clk 0:07:01]} 39. Qa2 {[%clk 0:28:50]} Bf6
{[%clk 0:06:45]} 40. Rbc1 {[%clk 0:26:29]} Ra7 {[%clk 0:04:52]} 41. Rc2
{[%clk 0:25:31]} Kf8 {[%clk 0:03:26]} 42. Rf1 {[%clk 0:22:36]} Ke7
{[%clk 0:02:10]} 43. Re1 {[%clk 0:21:45]} Qf8 {[%clk 0:02:06]} 44. Qb1
{[%clk 0:20:37]} Qa8 {[%clk 0:01:21]} 1/2-1/2

[Event "MEU_U12"]
[Site "?"]
[Date "2015.08.27"]
[Round "9.4"]
[White "Redzisz, Michal"]
[Black "Leszko, Bence"]
[Result "1-0"]
[LiveChessVersion "1.4.6"]
[BlackElo "1968"]
[WhiteElo "1476"]

1. e4 {[%clk 1:30:58]} e6 {[%clk 1:30:51]} 2. d4 {[%clk 1:30:27]} d5
{[%clk 1:31:14]} 3. Nd2 {[%clk 1:29:56]} Nc6 {[%clk 1:31:34]} 4. c3
{[%clk 1:29:11]} e5 {[%clk 1:31:32]} 5. dxe5 {[%clk 1:25:16]} dxe4
{[%clk 1:26:34]} 6. Qa4 {[%clk 1:19:29]} e3 {[%clk 1:25:09]} 7. fxe3
{[%clk 1:19:35]} Bd7 {[%clk 1:25:11]} 8. Ngf3 {[%clk 1:14:42]} Bc5
{[%clk 1:23:43]} 9. Nb3 {[%clk 1:04:57]} Bb6 {[%clk 1:18:47]} 10. Bb5
{[%clk 1:01:04]} Nge7 {[%clk 1:15:27]} 11. Nbd4 {[%clk 0:58:19]} a6
{[%clk 1:14:41]} 12. Bxc6 {[%clk 0:58:26]} bxc6 {[%clk 1:10:46]} 13. Qc4
{[%clk 0:54:54]} c5 {[%clk 1:08:17]} 14. e6 {[%clk 0:53:42]} cxd4
{[%clk 1:05:58]} 15. exd7+ {[%clk 0:54:00]} Qxd7 {[%clk 1:06:20]} 16. exd4
{[%clk 0:53:50]} O-O {[%clk 1:05:39]} 17. O-O {[%clk 0:53:37]} Ng6
{[%clk 1:05:12]} 18. Bd2 {[%clk 0:51:31]} h6 {[%clk 1:04:10]} 19. Rae1
{[%clk 0:49:57]} Rfe8 {[%clk 1:00:32]} 20. Rxe8+ {[%clk 0:48:33]} Qxe8
{[%clk 1:00:12]} 21. Re1 {[%clk 0:49:07]} Qd7 {[%clk 0:59:19]} 22. Ne5
{[%clk 0:47:54]} Nxe5 {[%clk 0:58:12]} 23. Rxe5 {[%clk 0:48:19]} Rd8
{[%clk 0:57:28]} 24. Re2 {[%clk 0:43:33]} a5 {[%clk 0:56:06]} 25. Be3
{[%clk 0:38:49]} Re8 {[%clk 0:53:41]} 26. Bf2 {[%clk 0:37:56]} Rxe2
{[%clk 0:52:04]} 27. Qxe2 {[%clk 0:38:02]} Qf5 {[%clk 0:52:24]} 28. a3
{[%clk 0:36:03]} Qb1+ {[%clk 0:51:21]} 29. Be1 {[%clk 0:36:03]} Qf5
{[%clk 0:50:56]} 30. h3 {[%clk 0:32:45]} Kh7 {[%clk 0:49:01]} 31. Kh2
{[%clk 0:32:15]} c5 {[%clk 0:46:42]} 32. dxc5 {[%clk 0:31:32]} Qxc5
{[%clk 0:46:24]} 33. b4 {[%clk 0:28:43]} Qg1+ {[%clk 0:40:20]} 34. Kg3
{[%clk 0:29:08]} Bc7+ {[%clk 0:40:45]} 35. Kf3 {[%clk 0:29:19]} Qb6
{[%clk 0:35:27]} 36. Qe4+ {[%clk 0:29:05]} g6 {[%clk 0:33:54]} 37. a4
{[%clk 0:25:06]} Qf6+ {[%clk 0:29:09]} 38. Ke2 {[%clk 0:25:22]} axb4
{[%clk 0:29:14]} 39. cxb4 {[%clk 0:25:09]} Qd6 {[%clk 0:24:15]} 40. b5
{[%clk 0:23:40]} Qd7 {[%clk 0:23:15]} 41. Qd3 {[%clk 0:20:17]} Qe6+
{[%clk 0:23:25]} 42. Kf1 {[%clk 0:18:38]} Qf6+ {[%clk 0:22:47]} 43. Qf3
{[%clk 0:18:25]} Qe6 {[%clk 0:23:08]} 44. a5 {[%clk 0:17:53]} Qc4+
{[%clk 0:20:28]} 45. Kg1 {[%clk 0:17:57]} Qd4+ {[%clk 0:14:02]} 46. Qf2
{[%clk 0:17:13]} Qd7 {[%clk 0:13:36]} 47. b6 {[%clk 0:17:30]} Be5
{[%clk 0:13:43]} 48. Kh1 {[%clk 0:16:58]} Kg7 {[%clk 0:12:37]} 49. Qe2
{[%clk 0:14:18]} Bf6 {[%clk 0:11:16]} 50. a6 {[%clk 0:14:17]} Qc6
{[%clk 0:09:58]} 51. a7 {[%clk 0:14:33]} Qa8 {[%clk 0:09:00]} 52. Qf3
{[%clk 0:14:53]} Qe8 {[%clk 0:08:39]} 53. a8=Q {[%clk 0:13:43]} Qxe1+
{[%clk 0:09:00]} 54. Kh2 {[%clk 0:14:06]} Bd4 {[%clk 0:08:27]} 55. Qxf7+
{[%clk 0:12:06]} Kxf7 {[%clk 0:08:14]} 56. Qd5+ {[%clk 0:12:27]} Qe6
{[%clk 0:07:17]} 57. Qxd4 {[%clk 0:12:52]} Qc8 {[%clk 0:06:17]} 58. Qf4+
{[%clk 0:13:11]} Ke8 {[%clk 0:06:06]} 59. Qe5+ {[%clk 0:12:29]} Kd7
{[%clk 0:04:00]} 60. Qg7+ {[%clk 0:12:23]} Kd8 {[%clk 0:03:42]} 61. Qg8+
{[%clk 0:12:27]} Kd7 {[%clk 0:04:03]} 62. Qxc8+ {[%clk 0:12:35]} Kxc8
{[%clk 0:04:11]} 63. Kg3 {[%clk 0:13:02]} Kb7 {[%clk 0:04:23]} 64. Kf4
{[%clk 0:13:27]} Kxb6 {[%clk 0:04:11]} 65. Ke5 {[%clk 0:13:53]} g5
{[%clk 0:03:35]} 66. Kf5 {[%clk 0:14:19]} 1-0

[Event "MEU_U12"]
[Site "?"]
[Date "2015.08.27"]
[Round "9.5"]
[White "Koubova, Anna Marie"]
[Black "Pedoson, Georg Aleksander"]
[Result "0-1"]
[LiveChessVersion "1.4.6"]
[BlackElo "1748"]
[WhiteElo "1691"]

1. d4 {[%clk 1:30:56]} d5 {[%clk 1:30:56]} 2. Nf3 {[%clk 1:31:18]} Nf6
{[%clk 1:31:14]} 3. g3 {[%clk 1:31:32]} e6 {[%clk 1:30:33]} 4. Bg2
{[%clk 1:30:52]} Be7 {[%clk 1:30:58]} 5. c4 {[%clk 1:30:34]} c6 {[%clk 1:30:37]}
6. Nc3 {[%clk 1:28:17]} Nbd7 {[%clk 1:28:49]} 7. O-O {[%clk 1:07:29]} O-O
{[%clk 1:29:05]} 8. Nd2 {[%clk 1:07:44]} Nb6 9. b3 {[%clk 1:03:55]} dxc4
{[%clk 1:26:34]} 10. Nxc4 {[%clk 1:04:09]} Nbd5 {[%clk 1:27:00]} 11. Bb2
{[%clk 1:03:31]} b5 {[%clk 1:12:57]} 12. Ne5 {[%clk 1:02:05]} Bb7
{[%clk 1:13:22]} 13. Rc1 {[%clk 0:59:55]} Rc8 {[%clk 1:11:56]} 14. e4
{[%clk 0:43:09]} Nb6 {[%clk 1:11:54]} 15. Rc2 {[%clk 0:36:46]} Nfd7
{[%clk 1:09:50]} 16. Qc1 {[%clk 0:29:55]} Nxe5 {[%clk 1:09:34]} 17. dxe5
{[%clk 0:30:18]} a6 {[%clk 1:09:40]} 18. Rd1 {[%clk 0:28:53]} Qc7
{[%clk 1:09:45]} 19. Ne2 {[%clk 0:26:37]} Nd7 {[%clk 1:04:14]} 20. Rcd2
{[%clk 0:20:11]} Rfd8 {[%clk 1:04:32]} 21. f4 {[%clk 0:20:23]} c5
{[%clk 1:03:08]} 22. Kh1 {[%clk 0:19:32]} Bc6 {[%clk 1:02:49]} 23. Nc3
{[%clk 0:18:45]} Qb7 {[%clk 1:03:00]} 24. Qc2 {[%clk 0:18:35]} a5
{[%clk 1:02:23]} 25. a4 {[%clk 0:17:13]} b4 {[%clk 1:02:04]} 26. Nb1
{[%clk 0:17:07]} c4 {[%clk 1:01:20]} 27. bxc4 {[%clk 0:16:05]} Nc5
{[%clk 1:00:45]} 28. Rxd8+ {[%clk 0:15:49]} Bxd8 {[%clk 1:01:13]} 29. Nd2
{[%clk 0:15:11]} Bxa4 {[%clk 1:01:31]} 30. Qb1 {[%clk 0:14:26]} Bxd1
{[%clk 1:01:57]} 31. Qxd1 {[%clk 0:14:48]} a4 {[%clk 1:02:22]} 32. Bd4
{[%clk 0:14:40]} a3 {[%clk 1:02:13]} 33. Nb3 {[%clk 0:14:17]} Nxb3
{[%clk 1:01:13]} 34. Qxb3 {[%clk 0:14:41]} Be7 {[%clk 1:01:42]} 35. f5
{[%clk 0:14:17]} Qd7 {[%clk 1:00:49]} 36. Be3 {[%clk 0:14:01]} Ra8
{[%clk 1:00:27]} 0-1

[Event "MEU_U12"]
[Site "?"]
[Date "2015.08.27"]
[Round "9.6"]
[White "Vanduyfhuys, Daria"]
[Black "Taragelova, Martina"]
[Result "1-0"]
[LiveChessVersion "1.4.6"]
[BlackElo "1544"]
[WhiteElo "1468"]

1. d4 {[%clk 1:30:57]} d5 {[%clk 1:30:54]} 2. c4 {[%clk 1:31:20]} c6
{[%clk 1:31:17]} 3. e3 {[%clk 1:31:44]} Nf6 {[%clk 1:31:30]} 4. Nc3
{[%clk 1:31:30]} e6 {[%clk 1:31:21]} 5. Nf3 {[%clk 1:31:03]} Bd6 {[%clk 1:30:16]}
6. Bd3 {[%clk 1:30:49]} dxc4 {[%clk 1:29:27]} 7. Bxc4 {[%clk 1:31:12]} O-O
{[%clk 1:29:12]} 8. e4 {[%clk 1:30:44]} Bb4 {[%clk 1:28:16]} 9. Bd3
{[%clk 1:30:03]} Nbd7 {[%clk 1:26:47]} 10. O-O {[%clk 1:28:39]} Qc7
{[%clk 1:23:51]} 11. a3 {[%clk 1:26:30]} Be7 {[%clk 1:23:13]} 12. Bg5
{[%clk 1:23:14]} Nb6 {[%clk 1:18:55]} 13. Qc2 {[%clk 1:21:27]} h6
{[%clk 1:18:04]} 14. Bh4 {[%clk 1:21:38]} Rd8 {[%clk 1:13:59]} 15. Rad1
{[%clk 1:16:27]} Re8 {[%clk 0:58:40]} 16. Be2 {[%clk 0:51:15]} Nbd7
{[%clk 0:49:16]} 17. e5 {[%clk 0:49:24]} Nd5 {[%clk 0:48:17]} 18. Bxe7
{[%clk 0:49:50]} Rxe7 {[%clk 0:48:36]} 19. Ne4 {[%clk 0:50:04]} Nf4
{[%clk 0:38:04]} 20. Nd6 {[%clk 0:46:59]} Qa5 {[%clk 0:35:58]} 21. Qd2
{[%clk 0:43:31]} Qxd2 {[%clk 0:33:35]} 22. Rxd2 {[%clk 0:43:57]} c5
{[%clk 0:30:05]} 23. Rc1 {[%clk 0:43:10]} b6 {[%clk 0:29:28]} 24. Bb5
{[%clk 0:43:03]} Nd5 {[%clk 0:26:15]} 25. Bxd7 {[%clk 0:42:23]} Rxd7
{[%clk 0:25:29]} 26. dxc5 {[%clk 0:41:52]} Ba6 {[%clk 0:24:41]} 27. c6
{[%clk 0:41:59]} Rc7 {[%clk 0:24:30]} 28. Nd4 {[%clk 0:41:08]} Ne7
{[%clk 0:23:54]} 29. Rdc2 {[%clk 0:40:56]} Nc8 {[%clk 0:18:41]} 30. N4b5
{[%clk 0:39:23]} Bxb5 {[%clk 0:16:43]} 31. Nxb5 {[%clk 0:39:48]} Re7
{[%clk 0:16:36]} 32. c7 {[%clk 0:40:07]} Rd7 {[%clk 0:15:37]} 33. Kf1
{[%clk 0:39:31]} Kh7 {[%clk 0:12:38]} 34. Nd6 {[%clk 0:38:37]} f6
{[%clk 0:11:05]} 35. Ke2 {[%clk 0:36:49]} fxe5 {[%clk 0:07:59]} 36. Nxc8
{[%clk 0:37:14]} Rxc8 {[%clk 0:08:13]} 37. Ke3 {[%clk 0:37:40]} Kg6
{[%clk 0:08:22]} 38. Ke4 {[%clk 0:36:39]} Kf6 {[%clk 0:08:13]} 39. Rc3
{[%clk 0:36:31]} Rd4+ {[%clk 0:08:30]} 40. Ke3 {[%clk 0:36:47]} Ke7
{[%clk 0:06:01]} 41. Rd3 {[%clk 0:36:28]} Rd5 {[%clk 0:05:58]} 42. Ke4
{[%clk 0:34:33]} Kf6 {[%clk 0:04:11]} 43. Rxd5 {[%clk 0:34:45]} exd5+
{[%clk 0:04:22]} 44. Kxd5 {[%clk 0:35:11]} Ke7 {[%clk 0:04:33]} 45. Kc6
{[%clk 0:35:23]} Ke6 {[%clk 0:04:41]} 46. Kb7 {[%clk 0:35:46]} Kd7
{[%clk 0:04:44]} 47. Rd1+ {[%clk 0:36:09]} 1-0

[Event "MEU_U12"]
[Site "?"]
[Date "2015.08.27"]
[Round "9.7"]
[White "Jazdanovs, Aleksandrs"]
[Black "Krejcok, Tobias"]
[Result "1-0"]
[LiveChessVersion "1.4.6"]
[BlackElo "1561"]
[WhiteElo "1889"]

1. f4 {[%clk 1:30:59]} d6 {[%clk 1:30:03]} 2. Nf3 {[%clk 1:31:22]} Nf6
{[%clk 1:30:15]} 3. g3 {[%clk 1:31:20]} c5 {[%clk 1:29:30]} 4. Bg2
{[%clk 1:28:29]} Nc6 {[%clk 1:29:38]} 5. d3 {[%clk 1:28:20]} g6 {[%clk 1:25:46]}
6. c3 {[%clk 1:28:36]} Bg7 {[%clk 1:25:21]} 7. O-O {[%clk 1:28:39]} O-O
{[%clk 1:25:13]} 8. e4 {[%clk 1:28:42]} Qb6 {[%clk 1:22:09]} 9. Nbd2
{[%clk 1:28:13]} Be6 {[%clk 1:19:05]} 10. h3 {[%clk 1:26:21]} Nh5
{[%clk 1:17:44]} 11. Kh2 {[%clk 1:22:23]} Qa6 {[%clk 1:08:00]} 12. Ne1
{[%clk 1:17:25]} Nf6 {[%clk 0:49:25]} 13. g4 {[%clk 1:14:18]} h5 {[%clk 0:48:33]}
14. f5 {[%clk 1:12:20]} Bd7 {[%clk 0:47:44]} 15. Nc4 {[%clk 1:09:20]} Na5
{[%clk 0:43:11]} 16. Ne3 {[%clk 1:07:47]} e6 {[%clk 0:32:16]} 17. Nf3
{[%clk 1:04:11]} exf5 {[%clk 0:28:58]} 18. exf5 {[%clk 1:02:45]} hxg4
{[%clk 0:28:20]} 19. hxg4 {[%clk 1:02:20]} Rae8 {[%clk 0:27:52]} 20. Kh1
{[%clk 0:59:10]} Bb5 {[%clk 0:21:25]} 21. c4 {[%clk 0:57:13]} Bd7
{[%clk 0:20:18]} 22. g5 {[%clk 0:56:48]} Nh5 {[%clk 0:20:38]} 23. f6
{[%clk 0:55:29]} Ng3+ {[%clk 0:19:17]} 24. Kg1 {[%clk 0:54:58]} Nxf1
{[%clk 0:18:20]} 25. Qxf1 {[%clk 0:55:12]} Bh8 {[%clk 0:17:57]} 26. Bd2
{[%clk 0:53:09]} b5 {[%clk 0:17:24]} 27. Nd5 {[%clk 0:52:17]} Nc6
{[%clk 0:16:57]} 28. Nc7 {[%clk 0:51:16]} Qb6 {[%clk 0:17:18]} 29. Nxe8
{[%clk 0:51:25]} Rxe8 {[%clk 0:17:47]} 30. b3 {[%clk 0:51:35]} Ne5
{[%clk 0:17:12]} 31. Nxe5 {[%clk 0:51:35]} dxe5 {[%clk 0:16:55]} 32. Be4
{[%clk 0:50:16]} Qe6 {[%clk 0:14:12]} 33. Qf3 {[%clk 0:49:39]} bxc4
{[%clk 0:14:05]} 34. bxc4 {[%clk 0:49:13]} Rb8 {[%clk 0:13:25]} 35. Bc3
{[%clk 0:49:19]} Re8 {[%clk 0:10:52]} 36. Kf2 {[%clk 0:48:53]} Rb8
{[%clk 0:08:54]} 37. Rh1 {[%clk 0:48:24]} Rb6 {[%clk 0:08:25]} 38. Bxg6
{[%clk 0:48:26]} Bc6 {[%clk 0:06:41]} 39. Be4 {[%clk 0:48:36]} Ra6
{[%clk 0:05:29]} 40. Rxh8+ {[%clk 0:48:52]} Kxh8 {[%clk 0:05:22]} 41. Qh1+
{[%clk 0:49:07]} Kg8 {[%clk 0:05:46]} 42. Qh7+ {[%clk 0:49:30]} 1-0

[Event "MEU_U12"]
[Site "?"]
[Date "2015.08.27"]
[Round "9.8"]
[White "Jirousek, Jan"]
[Black "Skurniak, Szymon"]
[Result "0-1"]
[LiveChessVersion "1.4.6"]
[BlackElo "1608"]
[WhiteElo "1398"]

1. d4 {[%clk 1:30:57]} Nf6 {[%clk 1:30:48]} 2. c4 {[%clk 1:31:20]} g6
{[%clk 1:31:03]} 3. Nc3 {[%clk 1:31:36]} d5 {[%clk 1:31:26]} 4. cxd5
{[%clk 1:31:47]} Nxd5 {[%clk 1:31:48]} 5. e3 {[%clk 1:32:06]} Bg7
{[%clk 1:31:34]} 6. Nf3 {[%clk 1:32:11]} O-O {[%clk 1:31:21]} 7. Be2
{[%clk 1:32:32]} c5 {[%clk 1:30:11]} 8. Nxd5 {[%clk 1:30:15]} Qxd5
{[%clk 1:29:47]} 9. dxc5 {[%clk 1:27:23]} Qxc5 {[%clk 1:29:45]} 10. O-O
{[%clk 1:27:43]} Nc6 {[%clk 1:28:53]} 11. Qd3 {[%clk 1:09:01]} a6
{[%clk 1:19:24]} 12. Qc4 {[%clk 1:06:11]} Qb6 {[%clk 1:16:11]} 13. Rd1
{[%clk 1:03:46]} Be6 {[%clk 1:15:31]} 14. Qc2 {[%clk 1:03:49]} Rac8
{[%clk 1:14:33]} 15. Qd2 {[%clk 0:42:49]} Nb4 {[%clk 1:04:55]} 16. a3
{[%clk 0:38:37]} Nc2 {[%clk 1:04:45]} 17. Rb1 {[%clk 0:37:49]} Ba2
{[%clk 1:02:37]} 18. Bd3 {[%clk 0:18:52]} Bxb1 {[%clk 1:01:56]} 19. Qe2
{[%clk 0:16:29]} Rfd8 {[%clk 0:59:24]} 20. e4 {[%clk 0:12:05]} Nd4
{[%clk 0:55:21]} 21. Nxd4 {[%clk 0:11:11]} Bxd3 {[%clk 0:55:32]} 22. Qxd3
{[%clk 0:09:07]} Qxd4 {[%clk 0:54:02]} 23. Qxd4 {[%clk 0:08:01]} Rxd4
{[%clk 0:54:25]} 0-1